Регионална библиотека "Любен Каравелов" - Русе

Sonate A dur (Запис номер 350080)

MARC детайли
000 -Лидер
Контролно поле с фиксирана дължина 00843ncm a2200265 a 4500
003 - Код на организацията, давaща контролен номер
Контролно поле BLK
005 - Дата и час на последна редакция
Контролно поле 20250216004130.0
008 - Елементи от данни с фиксирана дължина
fixed length control field 200331b bu ||||| |||| 00| 0 bu d
040 ## - Източник на каталожния запис
Идентификатор на билиотеката - собственик на записа BLK
041 ## - Код за език
Код за езика на текст/звукозапис или на отделно заглавие Немски
Код за езика КДБФ Немски
080 ## - УДК
Текстов определител УДК За виолончело
УДК код - определител по УДК 787.3
УДК - код + определител 787.3
100 ## - Редна дума - Автор
Автор Boccherini, Luigi
Авторска отговорност първи автор
R(LIN) 1299
139 ## - Редно поле
Редна дума Boccherini, Luigi
Авторски знак Боич - Б 60
245 ## - Сведения за заглавието
Заглавие Sonate A dur
Подзаглавни данни Fur Violoncello und Klavier
Редно поле (дума) Luigi Boccherini.
260 ## - Област на издателските данни
9 (RLIN) 211254
Място на издаване, разпространение и проч. Leipzig
Име на издателя, разпространителя и проч. Peters
Година на издаване s.a.
300 ## - Физическа характеристика
Страници 15 с.
Илюстрации и др. с ноти
Размери/Мащаб 31 см
Съпровождащи материали 1 щим (8 с.)
380 ## - Жанр
Жанр Изкуство
650 #0 - Допълнително описание по предмет – тема
Основно описание – тема или топоним Виолончело - сонати, сонатини, пиеси
9 (RLIN) 353306
653 #7 - Ключова дума – ненормативна
9 (RLIN) 183305
Ключова дума виолончело
852 ## - Местоположение
Форматна сигнатура М ІІ 6568
999 ## - СИСТЕМНИ КОНТРОЛНИ НОМЕРА
Koha biblionumber 350080
Koha biblioitemnumber 350080
942 ## - АРТИКУЛИ
Вид на библиотечния материал Нотни издания
Скрит в OPAC Не
Периодичен библиозапис Да
944 ## - СЪЗДАВАНЕ И РЕДАКЦИЯ на ЗАПИСА
Създаване/Редакция Създаване
Дата на регистрацията/редакция 2020-03-31
Статус, дата на статуса CRON CRON
Служител, извършил регистрацията/редакцията
999 ## - СИСТЕМНИ КОНТРОЛНИ НОМЕРА
Koha biblioitemnumber 350080
999 ## - СИСТЕМНИ КОНТРОЛНИ НОМЕРА
Koha biblioitemnumber 350080
Наличности
Код за отписване Код за изгубен артикул Източник на класификационната схема Код за повреда Коз за рестрикции Код за отдаване Артикулен № Име на библиотеката - собственик Име на библиотеката, в която се намира в момента Статус (Текущо местоположение) Дата на вписване в системата Местоположение - отдел Цена в лева Инвентарен номер Систематично азбучна сигнатура Баркод Цена в евро Служебен тип на артикула
  Не е изгубен Universal Decimal Classification Не е повреден без рестрикции заемане за дома 757317 Регионална библиотека "Любен Каравелов" Русе Регионална библиотека "Любен Каравелов" Русе Отдел Изкуство - подръчен фонд 2020-04-01 Отдел Изкуство - подръчен фонд 0.98 359682 787.3/Б 60 Л 120000359682 0.50 Нотни издания
  Не е изгубен Universal Decimal Classification Не е повреден само за читалня ползва се в читалня 771679 Регионална библиотека "Любен Каравелов" Русе Регионална библиотека "Любен Каравелов" Русе Хранилище 2020-05-23 Хранилище 0.60 123484 Цб М ІІ 6568 900000014198 0.31 Нотни издания
Vip Innovations Ltd, Rousse, Bulgaria 2025